| 000 | 00403nam a2200157Ia 4500 | ||
|---|---|---|---|
| 008 | 210210b1977 xxu||||| |||| 00| 0 eng d | ||
| 082 | _a530.02 DHAP | ||
| 100 | _aDHAR (B L) & others. | ||
| 245 | _aProblems in physics. Rev Ed.2 | ||
| 250 | _a | ||
| 260 |
_aND _bSultan Chand & Sons _c1977 |
||
| 300 | _aviii,i-3,8.86 | ||
| 650 | _aProblems physics | ||
| 690 | _aPhysics Problems | ||
| 906 | _aSG00601 | ||
| 999 |
_c111977 _d111977 |
||